000 00805nam a2200241 i 4500
001 51496
003 ES-MaACL
005 20230906162356.0
007 t|
008 030813s1970 sp ||||1| spa d
100 1 _aDalin, S.
_942488
245 1 0 _aTeorías económicas y realidad social
_b: crítica soviética a la teorías de John Galbraith, Adolfo Berle y Colin Clark /
_cS. Dalin, A. Anikin y Y. Olsévich ; [traducido por L. Vládov].
250 _a1ª ed.
260 _aBarcelona :
_b[Fontanella],
_c1970.
300 _a284 p. ;
_c23 cm.
600 0 4 _aGalbraith, John Kenneth.
_953345
600 0 4 _aBerle, Adolf A.
_928053
600 0 4 _aClark, Colin.
_939026
700 1 _aAnikin, A.
_921802
700 1 _aOlsévich, Y.
_987013
852 _aES-MaACL
_jC-44526
852 _aES-MaACL
_jC-44548
999 _c51496
_d51496